| 000 | 00939cas a2200241 a 4500 | ||
|---|---|---|---|
| 001 | 000043731 | ||
| 005 | 20260128151448.0 | ||
| 008 | 980720c19839999dr mr pdd 0 z0spa d | ||
| 040 |
_aDO-SdBNP _bspa _cBNPHU |
||
| 043 | _anwdr | ||
| 245 | 0 | 0 | _aHorizontes. |
| 260 |
_aSonador, Monseñor Nouel, República Dominicana : _bUniversidad Adventista Dominicana, _c1983-. |
||
| 300 |
_av. - : _bil. ; _c28 cm. |
||
| 310 | _aMensual | ||
| 362 | 1 | _aInicia con: Año.3, no.4 (Diciembre, 1983). | |
| 500 | _aDescripción basada en: Año.1, no.1 (Diciembre, 1983). | ||
| 500 | _aEditor:1983, Luis M. Gregorio L. | ||
| 650 | 0 |
_aEducación superior _zRepública Dominicana _vPublicaciones periódicas _933425 |
|
| 650 | 4 |
_aVida universitaria _vPUBLICACIONES PERIÓDICAS _971547 |
|
| 651 | 4 |
_aRepública Dominicana _xPublicaciones Periódicas _933494 |
|
| 700 | 1 |
_aGregorio L., Luis M., _eed. _971548 |
|
| 710 | 2 |
_aUniversidad Adventista Dominicana _971549 |
|
| 999 |
_c43220 _d43220 |
||